Public schools of the District of Columbia. (Record no. 18796)
[ view plain ]
| 000 -LEADER | |
|---|---|
| fixed length control field | 00953cam a22002531 4500 |
| 001 - CONTROL NUMBER | |
| control field | e 09000652 |
| 003 - CONTROL NUMBER IDENTIFIER | |
| control field | DLC |
| 005 - DATE AND TIME OF LATEST TRANSACTION | |
| control field | 20260227111150.0 |
| 007 - PHYSICAL DESCRIPTION FIXED FIELD--GENERAL INFORMATION | |
| fixed length control field | cr_||||||||||| |
| 008 - FIXED-LENGTH DATA ELEMENTS--GENERAL INFORMATION | |
| fixed length control field | 911019s1909 dcu b 000 0 eng c |
| 010 ## - LIBRARY OF CONGRESS CONTROL NUMBER | |
| LC control number | e 09000652 |
| 035 ## - SYSTEM CONTROL NUMBER | |
| System control number | (OCoLC)24588540 |
| 040 ## - CATALOGING SOURCE | |
| Original cataloging agency | Library, U.S. Bur. of Education |
| Transcribing agency | RPB |
| Modifying agency | RPB |
| -- | DLC |
| 042 ## - AUTHENTICATION CODE | |
| Authentication code | premarc |
| 050 00 - LIBRARY OF CONGRESS CALL NUMBER | |
| Classification number | Z8505 |
| Item number | .D61 |
| 110 1# - MAIN ENTRY--CORPORATE NAME | |
| Corporate name or jurisdiction name as entry element | District of Columbia. |
| Subordinate unit | Board of Education. |
| 245 10 - TITLE STATEMENT | |
| Title | Public schools of the District of Columbia. |
| Remainder of title | Observance of Lincoln centenary, February 12, 1909. |
| 260 ## - PUBLICATION, DISTRIBUTION, ETC. | |
| Place of publication, distribution, etc. | Washington, |
| Name of publisher, distributor, etc. | N.T. Elliott Printing Co, |
| Date of publication, distribution, etc. | 1909. |
| 300 ## - PHYSICAL DESCRIPTION | |
| Extent | 20 p. |
| Dimensions | 23 cm. |
| 505 0# - FORMATTED CONTENTS NOTE | |
| Formatted contents note | Suggestions for the observance of the Lincoln centenary.--A brief Lincoln bibliography. |
| 530 ## - ADDITIONAL PHYSICAL FORM AVAILABLE NOTE | |
| Additional physical form available note | Also available in digital form on the Internet Archive Web site. |
| 600 10 - SUBJECT ADDED ENTRY--PERSONAL NAME | |
| Personal name | Lincoln, Abraham, |
| Dates associated with a name | 1809-1865 |
| Form subdivision | Bibliography. |
| 856 41 - ELECTRONIC LOCATION AND ACCESS | |
| Uniform Resource Identifier | <a href="http://hdl.loc.gov/loc.gdc/scd0001.00058529163">http://hdl.loc.gov/loc.gdc/scd0001.00058529163</a> |
No items available.